• 首页
  • 本馆介绍
  • 公告通知
  • 最新文献
  • 馆藏检索
  • 电子资源
  • 读者导购
  • 参考咨询
  • 我的图书馆
  • 登录
  • 详细信息显示
  • 放入我的书架
  • 预约/预借图书
  • 作者相关作品
  • 分类相关作品
  • 丛书相关作品
  • 出版社相关作品

书目信息

  • 表格格式
  • 工作单格式
  • 卡片格式
题名:
戏曲音乐研究
    
 
作者: 张民 著
分册:  
出版信息: 北京   北京时代华文书局  2016
页数: 276页
开本: 24cm
丛书名: 中国艺术研究院学术文库
单 册:
中图分类: J805.2-53
科图分类:
主题词: 戏曲评论--xi qu ping lun--中国--文集
电子资源:
ISBN: 978-7-5699-0838-1
000 00999nam0 22002531 450
001 1761009120
005 20170619171950.0
010    @a978-7-5699-0838-1@dCNY55.00
100    @a20170222d2016 em y0chiy50 ea
101 0  @achi
102    @aCN@b110000
105    @ay z 000yy
106    @ar
200 1  @a戏曲音乐研究@9xi qu yin le yan jiu@f张民著
210    @a北京@c北京时代华文书局@d2016
215    @a276页@d24cm
225 2  @a中国艺术研究院学术文库@9zhong guo yi shu yan jiu yuan xue shu wen ku@f王文章主编
330    @a本书分两部分,第一部分是探讨了京胡伴奏的基本规律,研究京胡演奏的技巧和手法在实践中如何运用、如何处理一些具体技术问题的实际应用。第二部分主要是对传统戏曲音乐的理论研究、对戏曲音乐改革的探讨,涉及唱腔、演唱、器乐、演员等各个方面。
461  0 @12001 @a中国艺术研究院学术文库
606 0  @a戏曲评论@9xi qu ping lun@y中国@j文集
690    @aJ805.2-53@v5
701  0 @a张民@9zhang min@f(1939~)@4著
801  0 @aCN@b百万庄@c20170619
905    @b1013880-2@dJ805.2-53@e110@f3
    
    戏曲音乐研究/张民著.-北京:北京时代华文书局,2016
    276页;24cm.-(中国艺术研究院学术文库/王文章主编)
    
    
    ISBN 978-7-5699-0838-1:CNY55.00
    本书分两部分,第一部分是探讨了京胡伴奏的基本规律,研究京胡演奏的技巧和手法在实践中如何运用、如何处理一些具体技术问题的实际应用。第二部分主要是对传统戏曲音乐的理论研究、对戏曲音乐改革的探讨,涉及唱腔、演唱、器乐、演员等各个方面。
●
相关链接 在E读中查询图书 在五车中查询图书 在当当中查询图书 在豆瓣中查询图书


正题名:戏曲音乐研究     索取号:J805.2-53/110         预约/预借

序号 登录号 条形码 馆藏地/架位号 状态 备注
1 1013880   210138803   第一样本阅览室/ [索取号:J805.2-53/110] 在馆    
2 1013881   210138812   第一借阅区/ [索取号:J805.2-53/110] 在馆    
3 1013882   210138821   教育系资料室/ [索取号:J805.2-53/110] 在馆    
唐山师范学院图书馆 欢迎您!
大连网信软件有限公司© 版权所有